Central Library OPAC University of Rajshahi

Walt Whitman / (Record no. 76889)

MARC details
000 -LEADER
fixed length control field 00847nam a22002652 4500
001 - CONTROL NUMBER
control field 76889
003 - CONTROL NUMBER IDENTIFIER
rucl marc code BD-RjUL
005 - DATE AND TIME OF LATEST TRANSACTION
control field 20211209082912.0
008 - FIXED-LENGTH DATA ELEMENTS--GENERAL INFORMATION
fixed length control field 200203r19661951nyu 000 0 eng c
035 ## - SYSTEM CONTROL NUMBER
System control number OCLC ocm01167571 from D961014M
System control number (BD-RjUL)77113
040 ## - CATALOGING SOURCE
Original cataloging agency HEI
Transcribing agency HEI
Modifying agency UKM
-- EQO
-- BD-RjUL
Language of cataloging eng
041 1# - LANGUAGE CODE
Language code of text/sound track or separate title engdan
082 04 - DEWEY DECIMAL CLASSIFICATION NUMBER
Classification number 811.3
Author mark and year SCW 1966
100 1# - MAIN ENTRY--PERSONAL NAME
Personal name Schyberg, Frederik,
Dates associated with a name 1905-1950.
9 (RLIN) 238681
245 00 - TITLE STATEMENT
Title Walt Whitman /
Statement of responsibility, etc. translated from the Danish by Evie Allison Allen. With an introd. by Gay Wilson Allen.
260 ## - PUBLICATION, DISTRIBUTION, ETC. (IMPRINT)
Place of publication, distribution, etc. New York :
Name of publisher, distributor, etc. Columbia University Press,
Date of publication, distribution, etc. c1951, [reprinted 1966]
300 ## - PHYSICAL DESCRIPTION
Pagination xv, 387 p.;
Size 24 cm.
504 ## - BIBLIOGRAPHY, ETC. NOTE
Bibliography, etc Bibliography: p. [361]-365.
600 10 - SUBJECT ADDED ENTRY--PERSONAL NAME
Personal name Whitman, Walt,
Dates associated with a name 1819-1892.
942 ## - ADDED ENTRY ELEMENTS (KOHA)
Source of classification or shelving scheme Dewey Decimal Classification
Koha item type Books
Holdings
Lost status Source of classification or shelving scheme Damaged status Not for loan Collection code Permanent Location Current Location Shelving location Date acquired Source of acquisition Cost, normal purchase price Total Checkouts Full call number Date last seen Copy number Koha item type
  Dewey Decimal Classification   Not For Loan Non-fiction Central Library, University of Rajshahi Central Library, University of Rajshahi Reading Room 30/01/1971 Zeitlinger 142.60   811.3 SCW 1966 03/02/2020 C-1 Books